বঙ্গভঙ্গ ও তৎকাল / (Record no. 27670)

MARC details
000 -LEADER
fixed length control field 00608nam a22001817a 4500
003 - CONTROL NUMBER IDENTIFIER
control field BDDh-ASL
005 - DATE AND TIME OF LATEST TRANSACTION
control field 20231015030804.0
008 - FIXED-LENGTH DATA ELEMENTS--GENERAL INFORMATION
fixed length control field 211107s2010 b ||||| |||| 00| 0 b d
040 ## - CATALOGING SOURCE
Original cataloging agency BDDh-ASL
Transcribing agency BDDh-ASL
082 ## - DEWEY DECIMAL CLASSIFICATION NUMBER
Classification number 954
Item number MOB
100 1# - MAIN ENTRY--PERSONAL NAME
9 (RLIN) 4373
Personal name মুস্তফা, গোলাম
Titles and words associated with a name অধ্যাপক
245 10 - TITLE STATEMENT
Title বঙ্গভঙ্গ ও তৎকাল /
246 ## - VARYING FORM OF TITLE
Title proper/short title Bangabhongo O Totkal by Golam Mustofa.
260 ## - PUBLICATION, DISTRIBUTION, ETC.
Place of publication, distribution, etc. ঢাকা :
Name of publisher, distributor, etc. সন্দেশ,
Date of publication, distribution, etc. 2010.
-- ২০০৫।
300 ## - PHYSICAL DESCRIPTION
Extent 88 p. :
Dimensions 22 cm.
650 #0 - SUBJECT ADDED ENTRY--TOPICAL TERM
9 (RLIN) 5845
Topical term or geographic name entry element বঙ্গভঙ্গ
942 ## - ADDED ENTRY ELEMENTS (KOHA)
Source of classification or shelving scheme Dewey Decimal Classification
Koha item type Books
Holdings
Withdrawn status Lost status Source of classification or shelving scheme Damaged status Not for loan Collection code Home library Current library Shelving location Date acquired Source of acquisition Total Checkouts Full call number Barcode Date last seen Copy number Price effective from Koha item type Public note
    Dewey Decimal Classification     Non-fiction Asiatic Society Library Asiatic Society Library General Stacks 11/07/2021 Complimentary   954 MOB 113834 11/07/2021 C-1 11/07/2021 Books  
    Dewey Decimal Classification     Non-fiction Asiatic Society Library Asiatic Society Library Wakil Ahmed Collection 03/07/2023 Donated by Prof. Wakil Ahmed   954 MOB 119456 03/07/2023 C-2 03/07/2023 Books  
    Dewey Decimal Classification     Non-fiction Asiatic Society Library Asiatic Society Library General Stacks 04/01/2023 Complimentary   954 MOB 120317 04/01/2023 C-3 04/01/2023 Books Y-2005

Powered by Koha